00422nam a2200169 a 450000100060000000300090000600800410001502000150005604000280007108200160009910000190011524500150013426000500014930000110019965000230021065000190023317425CO-ViMGA141112s2004 ck r 000 u spa d a8484502112 aCO-ViMGAbspacCO-ViMGA04a833.8 H377s1 aHesse, Hermann10aSiddhartha aBarcelona (España), cPlaza y Janes, c2002 a211.p.14aGAUTAMA, SIDHARTHA14aNOVELA ALEMANA